000 01249nam a22003377a 4500
001 2925
003 FISKH
005 20240124102855.0
008 240123b cb ||||| |||| 00| 0 eng d
020 _a9781491410660
040 _aFISKH
_beng
_cFISKH
_dFISKH
050 _aQC137.W43
082 _a531.112
100 _aWeakland, Mark
245 _aThud!: Wile E. Coyote :
_b Experiments with Forces and Motion/
_cby Weakland, Mark : illustrated by Cornia, Christian
250 _aPublished in 2014
260 _aNorth Mankato :
_bCapstone Press ,
_c2014
300 _a32 pages :
_bcolor illustrations ;
_c24 cm .
490 _a Wile E. Coyote, Physical Science Genius
505 _aM
520 _a"Uses popular cartoon character Wile E. Coyote to demonstrate science concepts involved with forces and motion"--Provided by publisher."--
521 8 _a550
_bLexile
521 8 _aM
_bRaz-Plus
600 _2kinematics
_vJuvenile Literature
610 _2kinematics-Expirements
_vJuvenile Literature
630 _vJuvenile Literature
_zForce and energy
648 _2Science projects
_vJuvenile Literature
650 _2Wile E.Coyote
_vJuvenile Literature
700 _aCornia, Christian
_eillustrator
942 _2ddc
_cBK
_n0
999 _c2925
_d2925